000 01050cam a22002654a 4500
001 11988887
005 20000816080250.0
008 000428s2001 caua b 000 0 eng
010 _a 00033029
020 _a0534452804
040 _aDLC
_cDLC
_dDLC
042 _apcc
043 _an-us---
050 0 0 _aJK21
_b.B28 2001
082 0 0 _a320.973
_221
_bBAU
100 1 _aBauer, Monica.
245 1 0 _aAmerican government :
_breadings and responses /
_cMonica Bauer.
260 _aBelmont, CA :
_bWadsworth/Thomson Learning,
_cc2001.
300 _a1 v. p. :
_bill. ;
_c24 cm.
504 _aIncludes bibliographical references.
651 0 _aUnited States
_xPolitics and government.
942 _2ddc
_cBB
999 _c10814
_d10814